00476nmm a2200157Ia 4500008004100000020001800041041000800059100003300067245004000100264005800140300001800198650002700216856005100243942000700294999001700301251105s9999||||xx |||||||||||||||||und|| a9789587415629 aspa aCastellano Ramírez, Andres 0aLogística comercial internacional a[Bogotá, Colombia] :bUniversidad del Norte, c2015 a368 páginas aEconomics and Business uhttps://public.digitaliapublishing.com/a/37553 cCF c95946d95946